| 000 | 00504nam a2200181Ia 4500 | ||
|---|---|---|---|
| 001 | 2400 | ||
| 005 | 20260306144804.0 | ||
| 008 | 260306t2011||||xx |||||||||||||| ||spa|| | ||
| 041 | _aESP | ||
| 082 |
_a616.89 _bH28 |
||
| 100 |
_aHaynes, Stephen N. _eAUT |
||
| 245 | 0 |
_aCómo elegir el mejor tratamiento psicológico: _bformulación de casos clínicos en terapia del comportamiento |
|
| 260 | _c2011 | ||
| 300 |
_a228 páginas : _c24 cm. |
||
| 650 | _aGEN | ||
| 654 | _aCPS | ||
| 942 |
_cLIB _dJUS _fJUS _2ddc _n |
||
| 999 |
_c2400 _d2400 |
||